00552 2200193 4500245010200000020002200102250001100124100001600135700002400151700002400175650001900199650001000218005001900228260005700247041001400304084000800318300002300326336000900349 aBuku Pancuan Guru Bahasa Inggris b : English for Chage untuk SMA/MA Kelas XIcPuji AstutihText a978-602-427-946-2 aCet. 1 aPuji Astuti aAria Septi Anggaira aAnggia Eka Purwanti aBahasa Inggris aEbook a20230616071941 aJakartabKementerian Pendidikan dan Kebudayaanc2022 aIndonesia a425 ax, 302 hlm. :cPDF atext